Southville International School and Colleges
Your cart is empty.
  • Cart
  • Lists
    Public lists Eva Luna New books Lux_list list_1
    Your lists Log in to create your own lists
  • Log in to your account
  • Your cookies
  • Search history
Southville International School and Colleges
  • Advanced search
  • Recent comments
  • Most popular
  • Libraries

Log in to your account

Log in with GOOGLE


If you do not have an external account, but do have a local account, you can still log in:

  1. Home
  2. MARC view: Reviewer in auditing theory /
Normal view MARC view ISBD view

Reviewer in auditing theory / (Record no. 293237)

[ view plain ]
MARC details
000 -LEADER
fixed length control field 00537nam a2200193Ia 4500
008 - FIXED-LENGTH DATA ELEMENTS--GENERAL INFORMATION
fixed length control field 160404s9999 xx 000 0 und d
050 ## - LIBRARY OF CONGRESS CALL NUMBER
Classification number FIL HF 5667
050 ## - LIBRARY OF CONGRESS CALL NUMBER
Item number .S26
100 ## - MAIN ENTRY--PERSONAL NAME
Personal name Santos, Petronilo S.
245 ## - TITLE STATEMENT
Title Reviewer in auditing theory /
245 ## - TITLE STATEMENT
Statement of responsibility, etc Petronilo S. Santos, Gerardo S. Roque.
260 ## - PUBLICATION, DISTRIBUTION, ETC. (IMPRINT)
Place of publication, distribution, etc Manila :
260 ## - PUBLICATION, DISTRIBUTION, ETC. (IMPRINT)
Name of publisher, distributor, etc Roque Press, Inc.,
300 ## - PHYSICAL DESCRIPTION
Extent 332 pages :
300 ## - PHYSICAL DESCRIPTION
Other physical details illustrations ;
300 ## - PHYSICAL DESCRIPTION
Dimensions 22 cm.
650 ## - SUBJECT ADDED ENTRY--TOPICAL TERM
Topical term or geographic name as entry element Auditing -- Philippines.
650 ## - SUBJECT ADDED ENTRY--TOPICAL TERM
General subdivision Auditing -- Problems, exercises, etc.
Holdings
Withdrawn status Lost status Damaged status Home library Current library Shelving location Date acquired Total Checkouts Full call number Barcode Date last seen Price effective from Koha item type
      South Mansfield College South Mansfield College Filipiniana Section     FIL HF 5667 .S26 SMC00050 04/04/2016 04/04/2016  

Reviewer in auditing theory /

APA

Santos P. S., .Reviewer in auditing theory. Manila: .

Chicago

Santos Petronilo S, .Reviewer in auditing theory. Manila: .

Harvard

Santos P. S., .Reviewer in auditing theory. Manila: .

MLA

Santos Petronilo S, .Manila: . .

  • Place hold
  • Print
  • Cite
  • Add to your cart (remove)
  • Save record
    BIBTEX Dublin Core MARCXML MARC (non-Unicode/MARC-8) MARC (Unicode/UTF-8) MARC (Unicode/UTF-8, Standard) MODS (XML) RIS
  • More searches
    Search for this title in:
    Other Libraries (WorldCat) Other Databases (Google Scholar) Online Stores (Bookfinder.com) Open Library (openlibrary.org)

Exporting to Dublin Core...

SOUTHVILLE LIBRARY

Southville International School and Colleges Library

1281 Tropical Ave. Cor. Luxembourg St., BF Homes International, Las Pinas City

Tel. No. 8256374 / 252358 Loc. 117/146

Powered by Koha